Ardiente paciencia

-д хадгалсан:
Номзүйн дэлгэрэнгүй
Үндсэн зохиолч: Skármeta, Antonio (Зохиогч)
Формат: Ном
Хэл сонгох:испани
Хэвлэсэн: Buenos Aires Sudamericana 1994
Хэвлэл:3a. ed
Цуврал:Joven Novela
Нөхцлүүд:
Шошгууд: Шошго нэмэх
Шошго байхгүй, Энэхүү баримтыг шошголох эхний хүн болох!

MARC

LEADER 00000nam a2200000 a 4500
001 UCH4030
003 CL-VaPUC
008 090818e19940000AG |||||||||||||||||spa|d
020 |a 9500709473 
082 0 4 |a Ch863  |b SKA  |2 21 
100 0 |a Skármeta, Antonio  |e author  |9 518251 
245 1 0 |a Ardiente paciencia 
250 |a 3a. ed 
300 |a 154 p 
942 |c BK 
945 |d 20090818 00:00:00  |a lazolas 
260 |a Buenos Aires  |b Sudamericana  |c 1994 
650 0 |a Literatura chilena   |9 308278 
650 0 |a Novelas chilenas   |9 265425 
583 |a last modification  |c 20090818 00:00:00  |k Rodrigo Vera 
490 0 |a Joven Novela 
999 |c 335384  |d 335382